000 00831 a2200229 4500
005 2012041603403.0
008 120416t xxu||||| |||| 00| 0 eng d
080 _a535.374
_bELI
100 _aEliezer, Shalom., ed.
_eed.by
_919947
245 _aApplications of laser plasma interactions
_ced.by Shalom Eliezer, Kunioki Mima
300 _axvii, 282p.
490 _a(series in plasma physics)
653 _aHigh power lasers - industrial applications
653 _aX-ray lasers
653 _aLaser-plasma interactions
653 _aLaser fusion
700 _aMima, Kunioki., ed.by
_919946
942 _cBK
260 _aBoca ration
_bCRC Press
_c2009
_913771
020 _a9780849376047
952 _w2011-06-04
_p00066110
_v0.00
_r2011-06-04
_40
_e98
_00
_bUL
_10
_o535.374 ELI
_d2011-06-04
_70
_cGEN
_2udc
_g0.00
_yBK
_aUL
999 _c68023
_d68022